00613 2200241 4500001002100000005001700021008004100038020001800079035002400097041000800121043001300129082000800142090001900150100001700169245004400186250001500230260002700245300003000272504001700302650001300319850001200332999002700344YOGYA-0711000000107920110721091746.0 ind  a979-503-504-5 0010-071100000001079 aInd aYOPD DIY a336 aDEP 336bAgu P aAgus Prawoto aPengantar Keuangan PublikcAgus Prawoto aEd 1 Cet 1 aYogyakartabBPEEc2011 aXIV, 561 hlmbilusc24 cm ahlm. 557-561 aKeuangan aYOPDYOG aCB - D.11 - 2011 - 568